Borland Pascal für Profis Fortgeschrittene Programmiertechniken für DOS, DPMI und Windows

Guardado en:
Detalles Bibliográficos
Autor principal: Körting, Stephan
Formato: Libro
Lenguaje:alemán
Publicado: Haar bei München Markt und Technik 1994
Edición:1. Aufl.
Etiquetas: Agregar Etiqueta
Sin Etiquetas, Sea el primero en etiquetar este registro!

MARC

LEADER 00000nam a2200000 4500
001 c010339
005 20221214075302.2
020 |a 3-87791-476-4 
041 0 |a ger 
044 |a DE 
245 1 0 |a Borland Pascal für Profis  |b Fortgeschrittene Programmiertechniken für DOS, DPMI und Windows  |c Stephan Körting 
250 |a 1. Aufl. 
264 1 |a Haar bei München  |b Markt und Technik  |c 1994 
300 |a 447 s. 
100 1 |a Körting, Stephan